| 000 | 00367pab a2200145 454500 | ||
|---|---|---|---|
| 008 | 180718b1990 xxu||||| |||| 00| 0 eng d | ||
| 100 | _aKumar, Tej B. | ||
| 245 | _aShort history of Delhi development | ||
| 260 | _c1990 | ||
| 300 | _a36-8 | ||
| 362 | _aJan.-Mar. | ||
| 650 | _aCities and Towns - Growth - India - Delhi | ||
| 773 | _aDelhi Vikas Varta | ||
| 909 | _a5594 | ||
| 999 |
_c5594 _d5594 |
||